000 00802nam a2200217Ia 4500
003 OSt
005 20220923221615.0
006 a|||||r|||| 00| 0
007 ta
008 220922b |||||||| |||| 00| 0 hin d
024 _a198,561
037 _cTextual
040 _aARTS
_cARTS
_bhin
041 _2hin
_ahin
082 _aP152:4k, 111L0;L5/RR
100 _aचतुर्वेदी, महेन्द्र; तिवारी, बी एन
_9165479
245 0 _aव्यावहारिेक हिन्दी अग्रंेजी कोश
246 _aVyāvahāriek hindī agranejī kosha
942 _hP152:4k, 111L0;L5/RR
_cTEXL
_2CC
999 _c350386
_d350386